Super Mario Bros quiz - Statistics

General Stats
  • This quiz has been taken 35 times
    34 since last reset
  • The average score is 5 of 10
Answer Stats
Question Answer % Correct
What is the plot of Super Mario Bros Bowser kidnaps Peach and Mario goes to find her
93%
If you wait long enough a hammer bro will... Charge at you
59%
Super Mario bros sold over __________ copies 40 million
55%
Who is the founder of Super Mario Bros Shigeru Miyamoto
55%
How many enemies where there in the original Super Mario Bros 10
52%
The official manual says the Bowser turned the Toads into... Bricks and stones
48%
What are the items in Super Mario Bros Fire Flower, Mushroom, Star, One up Mushroom
45%
What year was Super Mario Bros released 1985
41%
What is the highest amount of points you can get from jumping on the flag 5000
31%
The creator of Super Mario Bros originally wanted to give Mario a... Gun
24%
No matching quizzes found
Score Distribution
Percent of People with Each Score
Percentile by Number Answered
Your Score History
You have not taken this quiz since the last reset